000 00852nam a2200217Ia 4500
003 IN-BaIIA
008 211028s9999 xx 000 0 eng d
020 _a0-7354-0201-9
040 _cIIA Library
080 _a524.354(082.2)
_bNEU
111 _aWorkshop on Neutrino Factories and Superbeams
_n5th
_cUSA
_d2003 June 5 -11
_929402
245 0 _aNeutrino factories and superbeams
_b5th International workshop on neutrino factories and superbeams held in New York, USA, 5 - 11 June 2003
_cedited by Adam Para
260 _aMelville
_bAmerican Institute of Physics
_c2004
300 _axi, 485p.
490 _aAIP conference proceedings; v. 721
650 _aNeutrino
650 _aSuperbeams
_929403
700 _aPara, Adam., ed.
_929404
710 _aAmerican Institute of Physics
_92416
942 _cBK
999 _c15930
_d15930